My Singing Monsters - Statistics

General Stats
  • This quiz has been taken 115 times
  • The average score is 11 of 15
Answer Stats
Hint Answer % Correct
Spooktacle Punkleton
83%
Fire Kayna
82%
Water Toe Jammer
82%
Mythical (Cold) Strombonin
80%
Plasma/Shadow/Mech/Crystal/Poison BeMeebEth
79%
Fire/Plant Flowah
79%
Cloverspell Ffydill
78%
Feastember Gobbleygourd
76%
Faerie Floot Fly
75%
Cold Mammott
75%
Plant/Earth Shrubb
75%
Faerie/Light/Psychic/Bone Enchantling
74%
Cold/Earth Drumpler
72%
Perplexplore Spurrit
70%
Mech/Plasma/Shadow Yooreek
68%
No matching quizzes found
Score Distribution
Percent of People with Each Score
Percentile by Number Answered
Your Score History
You have not taken this quiz